[Event "AUTO-ADV-4757"]
[Site "http://www.queenalice.com/game.php?id=1828766"]
[Date "2024.1.8"]
[Round "1"]
[White "madeira39"]
[Black "Capixaba789"]
[Result "1/2-1/2"]
[WhiteElo "1829"]
[BlackElo "1847"]

1. e4 e5 2. Bc4 Nc6 3. Nf3 Be7 4. d3 Nf6 5. Ng5 d5 6. exd5 Nxd5 7. Qf3 Bxg5 8.
Bxd5 O-O 9. Nd2 Bxd2+ 10. Bxd2 Nd4 11. Bxf7+ Rxf7 12. Qd1 Qf8 13. O-O Bf5 14. a3
Rd8 15. Bb4 Qe8 16. Re1 Kh8 17. Bc5 b6 18. Bb4 c5 19. Bc3 Re7 20. Qd2 a5 21. Qd1
Qg6 22. Bxd4 Rxd4 23. Re3 Rg4 24. g3 Bd7 25. Qe2 Bc6 26. Rxe5 Rxe5 27. Qxe5 h6
28. Qb8+ Kh7 29. Qxb6 Qd6 30. f3 Rxg3+ 31. hxg3 Qxg3+ 32. Kf1 Qxf3+ 33. Ke1 Qh1+
34. Kd2 Qxa1 35. Qxc6 Qxb2 36. Qxc5 a4 37. Qc4 Qxa3 38. Qe4+ Kh8 39. Qe8+ Kh7
40. Qe4+ Kh8 41. Qe8+ Kh7 42. Qe4+ 1/2-1/2

[Event "AUTO-ADV-4757"]
[Site "http://www.queenalice.com/game.php?id=1828779"]
[Date "2024.1.8"]
[Round "1"]
[White "madeira39"]
[Black "ThiagoBrumN"]
[Result "1-0"]
[WhiteElo "1799"]
[BlackElo "1787"]

1. e4 d5 2. e5 Nc6 3. d4 Bf5 4. Bf4 Nb4 5. Na3 e6 6. c3 Nd3+ 7. Bxd3 g6 8. Be2
c5 9. Bb5+ Ke7 10. Bg5+ f6 11. exf6+ Nxf6 12. dxc5 Kf7 13. Nf3 Bxc5 14. Ne5+ Kg7
15. Bh6+ Kg8 16. O-O a6 17. Be2 Bd6 18. Nf3 Rc8 19. Bg5 Kf7 20. Qb3 Rc7 21. Nd4
h6 22. Be3 Qe7 23. Nxf5 gxf5 24. c4 dxc4 25. Nxc4 b5 26. Nxd6+ Qxd6 27. g3 h5
28. Bf4 Qc6 29. Bxc7 Qxc7 30. Bf3 h4 31. Qc3 Qd8 32. Rad1 Qg8 33. Qe5 Qh7 34.
Qc7+ Kg6 35. Qxh7+ Rxh7 36. gxh4 Rxh4 37. Rfe1 Kf7 38. Kg2 Rh8 39. Rc1 Nh5 40.
Bxh5+ Kf6 41. Bf3 Rg8+ 42. Kh1 Rg5 43. Rc6 a5 44. Rexe6+ Kf7 45. Bd5 Kg7 46.
Rc7+ Kf8 47. Ra6 Ke8 48. Ra8# 1-0

[Event "AUTO-ADV-4757"]
[Site "http://www.queenalice.com/game.php?id=1828780"]
[Date "2024.1.8"]
[Round "1"]
[White "ThiagoBrumN"]
[Black "madeira39"]
[Result "1-0"]
[WhiteElo "1782"]
[BlackElo "1836"]

1. e4 e5 2. Nf3 Nc6 3. Nc3 a6 4. Bc4 Nh6 5. d4 Nxd4 6. Nxe5 d6 7. Bxh6 dxe5 8.
Be3 Bc5 9. Na4 Ba7 10. c3 Nc6 11. Qf3 O-O 12. Rd1 Qe7 13. Bd5 Bd7 14. c4 Qb4+
15. Nc3 Qxb2 16. Bd2 Nd4 17. Qg3 Nc2+ 18. Kf1 Rfe8 19. Bh6 g6 20. Qf3 Bc5 21.
Qxf7+ 1-0

[Event "AUTO-ADV-4757"]
[Site "http://www.queenalice.com/game.php?id=1828781"]
[Date "2024.1.8"]
[Round "1"]
[White "madeira39"]
[Black "carlitomontana93270"]
[Result "1-0"]
[WhiteElo "1830"]
[BlackElo "1699"]

1. e4 c5 2. Nc3 d6 3. Bc4 e6 4. Nf3 g6 5. d3 Bg7 6. Bd2 Nf6 7. Bg5 Nbd7 8. Nb5
Nb6 9. Bb3 a6 10. Nc3 Nbd7 11. Qe2 O-O 12. O-O b5 13. a3 Bb7 14. h3 Qc7 15. Bf4
e5 16. Bh2 Rac8 17. Nd2 Nh5 18. g4 Nhf6 19. f3 b4 20. axb4 cxb4 21. Nd1 Nc5 22.
Bc4 a5 23. Ba2 Ne6 24. Bb3 Nd4 25. Qf2 Ra8 26. Ba4 d5 27. Ne3 Bh6 28. Rfc1 dxe4
29. dxe4 Qb6 30. Ndc4 Qa7 31. Bxe5 Bg7 32. Nd6 Bc8 33. Nb5 Qb6 34. Bxd4 Qd8 35.
Nc4 Qc7 36. Nxc7 1-0

[Event "AUTO-ADV-4757"]
[Site "http://www.queenalice.com/game.php?id=1828782"]
[Date "2024.1.8"]
[Round "1"]
[White "carlitomontana93270"]
[Black "madeira39"]
[Result "0-1"]
[WhiteElo "1703"]
[BlackElo "1850"]

1. c4 e5 2. d3 Nc6 3. e3 Bc5 4. g3 Qf6 5. Bg2 Nge7 6. Nf3 d6 7. O-O O-O 8. Nbd2
Bg4 9. b3 e4 10. dxe4 Qxa1 11. Qc2 Qf6 12. Bb2 Qg6 13. Nh4 Qg5 14. Ndf3 Qh5 15.
Qc3 Qh6 16. h3 Be6 17. Nh2 Bb4 18. Qc2 Ne5 19. a3 N7g6 20. Bxe5 Bxa3 21. Bc3
Nxh4 22. gxh4 Qxh4 23. Be1 Bxh3 24. f4 Qh5 25. Qa2 Bxg2 26. Kxg2 Qg6+ 27. Bg3
Bc5 28. f5 Qg5 29. Rf3 Bxe3 30. Qe2 Bd4 31. Qd3 Bc5 32. Kf1 Qc1+ 33. Kg2 h5 34.
Kh3 f6 35. Rf1 Qh6 36. Bf4 Qh7 37. Nf3 g5 38. Qd5+ Kh8 39. Qxb7 gxf4 40. Nh4
Rfb8 41. Ng6+ Kg8 42. Qd5+ Qf7 43. Qd3 Be3 0-1

[Event "Challenge"]
[Site "http://www.queenalice.com/game.php?id=1828892"]
[Date "2024.1.10"]
[Round "-"]
[White "madeira39"]
[Black "Zeca1955"]
[Result "0-1"]
[WhiteElo "1822"]
[BlackElo "1943"]

1. e4 e5 2. Bc4 h6 3. Qh5 Qe7 4. b3 Nf6 5. Qf3 c6 6. Ba3 d6 7. Nc3 b5 8. Bxb5
cxb5 9. Nxb5 Qd8 10. d3 Qa5+ 11. b4 Qxb5 12. c4 Qd7 13. h3 Qa4 14. d4 Be7 15.
Ne2 Bb7 16. Qb3 Qxb3 17. axb3 Nxe4 18. d5 O-O 19. Bc1 Nd7 20. O-O Ndf6 21. f3
Ng5 22. Ng3 Nfh7 23. Nf5 Rfe8 24. h4 Bc8 25. Nxe7+ Rxe7 26. hxg5 hxg5 27. b5 Rb8
28. Be3 Rbb7 29. Kf2 f5 30. g3 f4 31. gxf4 exf4 32. Bd4 Nf6 33. Rh1 g4 34. Bxf6
g3+ 35. Kf1 gxf6 36. Re1 Rxe1+ 37. Kxe1 Re7+ 38. Kf1 Re3 39. Rh6 Rxf3+ 40. Kg2
Rf2+ 41. Kg1 Kg7 42. Rh4 Bf5 43. b4 f3 44. Rf4 Bd3 45. Rg4+ Kf7 46. Rxg3 Rg2+
47. Rxg2 fxg2 48. c5 Be4 49. c6 Bxd5 50. c7 Bb7 51. Kf2 Ke7 52. c8=N+ Bxc8 53.
Kxg2 Bd7 54. b6 axb6 55. Kf3 f5 0-1

[Event "Challenge"]
[Site "http://www.queenalice.com/game.php?id=1828917"]
[Date "2024.1.10"]
[Round "-"]
[White "madeira39"]
[Black "Capixaba789"]
[Result "1-0"]
[WhiteElo "1841"]
[BlackElo "1887"]

1. e4 e5 2. Bc4 Nc6 3. Qf3 f5 4. exf5 Nf6 5. Nh3 Bd6 6. c3 b6 7. Ng5 Qe7 8. Bf7+
Kd8 9. Bb3 Rf8 10. d3 h6 11. Ne4 Bb7 12. Nxd6 Qxd6 13. O-O a5 14. Qg3 a4 15. Bc2
Kc8 16. Qxg7 h5 17. Qg3 Na5 18. Bxa4 Bxg2 19. Qxg2 Rg8 20. Bg5 Nh7 21. h4 Rb8
22. Bc2 Nf6 23. Kh1 Ng4 24. b4 Nc6 25. Qf3 e4 26. Qf4 Qxf4 27. Bxf4 exd3 28.
Bxd3 Kb7 29. Be4 Rbe8 30. Bd5 Rgf8 31. f3 Ne3 32. Bxe3 Rxe3 33. Be4 Kb8 34. a4
Ne5 35. Ra3 Nc4 36. Rb3 Rg8 37. Bd5 Rge8 38. Bxc4 Re1 39. Nd2 Rxf1+ 40. Nxf1 1-0

[Event "Challenge"]
[Site "http://www.queenalice.com/game.php?id=1829369"]
[Date "2024.1.16"]
[Round "-"]
[White "madeira39"]
[Black "Capixaba789"]
[Result "0-1"]
[WhiteElo "1838"]
[BlackElo "1828"]

1. e4 e5 2. Nc3 Nc6 3. Nf3 d6 4. Bc4 Be7 5. a3 Nf6 6. Ng5 Rf8 7. O-O Bg4 8. Be2
Bxe2 9. Qxe2 Nd4 10. Qd1 h6 11. Nf3 Qd7 12. Nxd4 exd4 13. Nd5 Nxd5 14. exd5
O-O-O 15. c3 dxc3 16. dxc3 Bf6 17. Be3 Kb8 18. Qb3 c5 19. dxc6 Qxc6 20. Qb4 g5
21. Qa5 a6 22. Qb6 Qxb6 23. Bxb6 Rd7 24. Rfe1 Be5 25. Rad1 Re8 26. Bc5 Bxh2+ 27.
Kxh2 Rxe1 28. Rxe1 dxc5 29. Re2 b6 30. Re8+ Kc7 31. Rh8 Rd6 32. Re8 f5 33. Re7+
Kc6 34. Rh7 f4 35. f3 Kb5 36. b3 a5 37. a4+ Kc6 38. c4 Re6 39. Rh8 Kd6 40. Rd8+
Ke5 41. Rd5+ Kf6 42. g4 Ke7 43. Rd3 Re3 44. Rxe3+ fxe3 45. Kg2 Ke6 46. Kf1 Ke5
47. Ke2 Kf4 48. Kf1 Kxf3 49. Ke1 Kxg4 50. Ke2 Kf4 0-1

[Event "Challenge"]
[Site "http://www.queenalice.com/game.php?id=1830035"]
[Date "2024.1.24"]
[Round "-"]
[White "madeira39"]
[Black "Nigel68"]
[Result "1-0"]
[WhiteElo "1821"]
[BlackElo "1766"]

1. e4 e6 2. d4 d6 3. Nf3 h6 4. e5 a6 5. g3 Nc6 6. exd6 Qxd6 7. c3 Qd5 8. Bg2 Qb5
9. Bf1 Qd5 10. Be2 e5 11. dxe5 Nxe5 12. Qxd5 1-0

[Event "Challenge"]
[Site "http://www.queenalice.com/game.php?id=1830036"]
[Date "2024.1.24"]
[Round "-"]
[White "madeira39"]
[Black "OnlyJoking"]
[Result "0-1"]
[WhiteElo "1834"]
[BlackElo "1910"]

1. e4 c5 2. Nf3 Nc6 3. Nc3 d6 4. Bc4 Bg4 5. Be2 a6 6. d3 Bxf3 7. Bxf3 Ne5 8. O-O
e6 9. b3 Be7 10. Be2 h6 11. Bf4 Bf6 12. Bd2 Be7 13. Bf4 Bf6 14. Qc1 Ne7 15. Bg3
N7c6 16. f4 Nd7 17. Qd2 Nd4 18. Be1 b5 19. Rb1 Rb8 20. Bg4 h5 21. Bh3 Qe7 22.
Ne2 Nxe2+ 23. Qxe2 Nb6 24. e5 dxe5 25. fxe5 Bg5 26. Bf2 Nd5 27. Qf3 Qc7 28. d4
cxd4 29. Bxd4 O-O 30. Rb2 Nf4 31. c3 g6 32. Qg3 Nxh3+ 33. Qxh3 Be7 34. b4 Qc6
35. a3 Qc4 36. Rf3 Rbd8 37. Rg3 Rxd4 38. cxd4 Qc1+ 39. Kf2 Qxb2+ 40. Kg1 Qxd4+
41. Re3 Bg5 42. Kf2 Qxe3+ 43. Qxe3 Bxe3+ 44. Kxe3 Rd8 0-1

[Event "Challenge"]
[Site "http://www.queenalice.com/game.php?id=1830037"]
[Date "2024.1.24"]
[Round "-"]
[White "madeira39"]
[Black "signifer"]
[Result "0-1"]
[WhiteElo "1842"]
[BlackElo "2024"]

1. e4 e5 2. Nf3 Nf6 3. Bc4 Nxe4 4. Nxe5 d5 5. Qf3 Be6 6. Bb3 Bd6 7. Ng4 O-O 8.
d3 Bxg4 9. Qxg4 Nf6 10. Qf3 Re8+ 11. Kf1 Nc6 12. Bg5 Nd4 13. Qd1 Be7 14. Nd2 Qd6
15. c3 Nf5 16. Qf3 Qd7 17. Bxf6 Bxf6 18. Bxd5 Nh4 19. Bxf7+ Qxf7 20. Qd1 Qg6 21.
g3 Qxd3+ 22. Kg1 Qxd2 23. gxh4 Qf4 24. Rb1 Bxh4 25. a3 Qxf2# 0-1

[Event "Challenge"]
[Site "http://www.queenalice.com/game.php?id=1830039"]
[Date "2024.1.24"]
[Round "-"]
[White "madeira39"]
[Black "PaulMSains"]
[Result "1/2-1/2"]
[WhiteElo "1790"]
[BlackElo "1971"]

1. e4 e5 2. Nf3 Nc6 3. Bc4 h6 4. Nc3 Nf6 5. a3 Bc5 6. O-O O-O 7. b4 Bb6 8. d3 a6
9. Nd5 Nxd5 10. Bxd5 d6 11. Bxc6 bxc6 12. a4 Bb7 13. Ne1 f5 14. exf5 Rxf5 15.
Qe2 c5 16. Qg4 Rf6 17. Be3 cxb4 18. Bxb6 cxb6 19. Qxb4 a5 20. Qb3+ Kh8 21. c4
Rg6 22. Qd1 Qg5 23. g3 h5 24. h4 Qf5 25. Kh2 Rg4 26. Nc2 Rxh4+ 27. gxh4 Qf4+ 28.
Kg1 Qxh4 29. f3 Qg3+ 30. Kh1 Qh3+ 31. Kg1 Qg3+ 32. Kh1 Qh3+ 33. Kg1 Qg3+ 34. Kh1
1/2-1/2

[Event "Challenge"]
[Site "http://www.queenalice.com/game.php?id=1830040"]
[Date "2024.1.24"]
[Round "-"]
[White "madeira39"]
[Black "madriles"]
[Result "1-0"]
[WhiteElo "1853"]
[BlackElo "2005"]

1. e4 d6 2. d4 Nf6 3. Nc3 g6 4. Bc4 Bg7 5. Nf3 O-O 6. Ng5 h6 7. Nf3 a6 8. d5 e6
9. dxe6 Bxe6 10. Be2 b5 11. O-O b4 12. Nd5 a5 13. Nxf6+ Bxf6 14. Nd4 Bd7 15.
Bxh6 Re8 16. Bf3 Nc6 17. c3 g5 18. Nxc6 Bxc6 19. e5 Bxf3 20. Qxf3 Rxe5 21. c4
Qc8 22. Qxf6 1-0

[Event "Challenge"]
[Site "http://www.queenalice.com/game.php?id=1830041"]
[Date "2024.1.24"]
[Round "-"]
[White "madeira39"]
[Black "Vin100"]
[Result "1-0"]
[WhiteElo "1833"]
[BlackElo "1835"]

1. e4 e5 2. Bc4 Nf6 3. Nc3 c6 4. Nf3 d6 5. Ng5 d5 6. exd5 cxd5 7. Bb3 Bc5 8. h3
Bd7 9. d3 O-O 10. O-O Bc6 11. Ne2 Nbd7 12. c3 Qe7 13. d4 exd4 14. cxd4 Bd6 15.
Re1 Bb4 16. Nc3 Qd6 17. Bd2 b5 18. Bc2 Qc7 19. a3 Bd6 20. Nf3 a5 21. Qb1 b4 22.
axb4 axb4 23. Na2 Rab8 24. b3 Ne4 25. Be3 Ndf6 26. Qc1 Ra8 27. Ne5 Bb5 28. Bf4
Ba6 29. Nd3 Bxd3 30. Bxd6 Qxc2 31. Qxc2 Bxc2 32. Bxf8 Rxf8 33. Nxb4 g5 34. Nxc2
h5 35. b4 Nc3 36. Ra6 Nfe4 37. Rc6 f5 38. f3 Kg7 39. fxe4 Nxe4 40. Rc7+ Kg6 41.
Rd7 Rc8 42. Rc1 Nf6 43. Rd6 g4 44. hxg4 hxg4 45. b5 Kg5 46. Rc6 Rb8 47. b6 Nd7
48. Rb1 f4 49. b7 g3 50. Rc7 Nf6 51. Rc8 1-0

[Event "Challenge"]
[Site "http://www.queenalice.com/game.php?id=1830938"]
[Date "2024.2.5"]
[Round "-"]
[White "madeira39"]
[Black "Charlie"]
[Result "0-1"]
[WhiteElo "1857"]
[BlackElo "1889"]

1. e4 c6 2. Bc4 d5 3. exd5 cxd5 4. Bd3 Nf6 5. h3 e5 6. Qe2 Qe7 7. Bb5+ Nc6 8.
Nf3 Bd7 9. O-O e4 10. Nh2 Nd4 11. Bxd7+ Qxd7 12. Qd1 Bd6 13. c3 Nf5 14. Re1 O-O
15. d3 Rac8 16. Bg5 Rfe8 17. Bxf6 gxf6 18. Qg4+ Kh8 19. Nd2 Rg8 20. Qe2 Nh4 21.
Ng4 f5 22. Nf6 Rxg2+ 23. Kh1 Qd8 24. Nh5 Qg5 25. Ng3 f4 26. Qg4 Qxg4 27. hxg4
fxg3 28. dxe4 Rxf2 29. Rad1 Bc5 30. Nf1 Rh2+ 0-1

[Event "Challenge"]
[Site "http://www.queenalice.com/game.php?id=1832406"]
[Date "2024.2.26"]
[Round "-"]
[White "madeira39"]
[Black "Chsilva"]
[Result "0-1"]
[WhiteElo "1845"]
[BlackElo "1668"]

1. e4 d5 2. e5 d4 3. Bc4 Nc6 4. Nf3 Bg4 5. O-O Bxf3 6. Qxf3 Nxe5 7. Qb3 Nxc4 8.
Qxc4 e6 9. Qb3 b6 10. Qf3 Nf6 11. d3 Be7 12. Bf4 O-O 13. Qb7 Qd7 14. Qxc7 Qxc7
15. Bxc7 Nd5 16. Be5 Nb4 17. Na3 Nc6 18. Bg3 a6 19. Nc4 b5 20. Nb6 Ra7 21. a4
bxa4 22. Rxa4 a5 23. Nc4 Nb4 24. Rxa5 Rxa5 25. Nxa5 Nxc2 26. Nc6 Bc5 27. Rc1 Rc8
28. Na5 Nb4 29. Nb7 Nxd3 30. Rc2 Ra8 31. h3 Be7 32. Bd6 Bxd6 33. Nxd6 g6 34. Rc7
Rf8 35. Rb7 Nc5 36. Rc7 Ne4 37. Nxe4 Rd8 38. Nf6+ Kf8 39. Nxh7+ Kg8 40. Ng5 d3
41. Rc1 Kg7 42. Rd1 Kf6 43. Ne4+ Ke5 44. Nc5 d2 45. b4 Kf4 46. Nb3 e5 47. Rxd2
Rb8 48. Rd7 f5 49. g3+ Kg5 50. h4+ Kg4 51. Kg2 f4 52. Rg7 f3+ 53. Kh2 Rxb4 54.
Rxg6+ Kf5 55. Rg5+ Kf6 56. Nd2 e4 57. Rg8 Kf5 58. Rg5+ Kf6 59. Kg1 Rd4 60. Nb3
Rd1+ 61. Kh2 Rf1 62. Nc5 Rxf2+ 63. Kh3 Re2 64. Rg4 Ke5 65. Nd7+ Kd6 66. Nf6 e3
67. Re4 f2 68. Rf4 Re1 69. Kg2 Rg1+ 70. Kh2 f1=Q 71. Rxf1 Rxf1 72. Ne4+ Ke5 73.
Nc3 Rf2+ 74. Kg1 Rc2 75. Nd1 e2 0-1

[Event "Challenge"]
[Site "http://www.queenalice.com/game.php?id=1832599"]
[Date "2024.2.29"]
[Round "-"]
[White "madeira39"]
[Black "Mateuzao_99"]
[Result "0-1"]
[WhiteElo "1849"]
[BlackElo "2001"]

1. e4 e5 2. Nf3 Nc6 3. Bc4 Bc5 4. d3 h6 5. a3 a6 6. b4 Ba7 7. Bb2 d6 8. Nfd2 Nf6
9. h3 Be6 10. Bxe6 fxe6 11. O-O O-O 12. Nf3 Nh7 13. Bc1 a5 14. c3 axb4 15. axb4
Bxf2+ 16. Rxf2 Rxa1 17. Ba3 Qa8 18. Qb3 Rxb1+ 19. Qxb1 Qxa3 20. c4 Qxb4 21. Rb2
Qc5+ 22. Kh2 b6 23. Qa1 Qe3 24. Qd1 Nd4 25. Nxd4 exd4 26. Re2 Qf4+ 27. Kg1 e5
28. Qe1 Ng5 29. Rf2 Qxf2+ 30. Qxf2 Rxf2 31. Kxf2 Ne6 32. g3 Kf7 33. h4 Nc5 34.
Ke2 c6 35. g4 b5 36. cxb5 cxb5 37. Kd2 b4 38. Kc2 b3+ 39. Kd2 b2 40. Kc2 Nxd3
0-1

[Event "Challenge"]
[Site "http://www.queenalice.com/game.php?id=1832780"]
[Date "2024.3.4"]
[Round "-"]
[White "madeira39"]
[Black "leo2dipikke"]
[Result "0-1"]
[WhiteElo "1839"]
[BlackElo "1883"]

1. e4 c5 2. Bc4 d6 3. Qf3 Nf6 4. Ne2 Nc6 5. a3 Ne5 6. Qb3 Nxc4 7. Qxc4 e5 8.
Nbc3 Be7 9. Ng3 O-O 10. Nd5 Nxd5 11. Qxd5 Qc7 12. Qd3 Bd7 13. c4 a6 14. Qf3 Be6
15. d3 b5 16. cxb5 axb5 17. Nh5 Qd7 18. Ng3 b4 19. Nf5 Bxf5 20. exf5 Bf6 21. Qg4
bxa3 22. bxa3 Ra4 23. Qh3 e4 24. O-O Bxa1 25. dxe4 Rxe4 26. f3 Re2 27. Qg4 Rfe8
28. Bh6 Bd4+ 29. Kh1 Re1 30. Qxg7+ Bxg7 0-1

[Event "Challenge"]
[Site "http://www.queenalice.com/game.php?id=1833305"]
[Date "2024.3.12"]
[Round "-"]
[White "Vin100"]
[Black "madeira39"]
[Result "1-0"]
[WhiteElo "1829"]
[BlackElo "1873"]

1. e4 e5 2. Nf3 Bc5 3. Bc4 Nf6 4. d3 Ng4 5. O-O O-O 6. Bg5 Qe8 7. Nbd2 h6 8. Bh4
d6 9. Qe2 Nd7 10. c3 a6 11. Nb3 Ngf6 12. Nxc5 dxc5 13. a4 a5 14. Nd2 b6 15. Bg3
Ba6 16. Rfd1 Bc8 17. Bb5 Bb7 18. Qf3 Qe6 19. Bc4 Qg4 20. b3 Qxf3 21. Nxf3 Rfe8
22. Re1 Ba6 23. Bxa6 Rxa6 24. d4 cxd4 25. cxd4 exd4 26. Nxd4 c5 27. Nf5 Raa8 28.
Nd6 Re6 29. e5 Nd5 30. Rad1 Nc3 31. Rd3 Na2 32. Nb5 Rd8 33. Red1 Nb4 34. Rxd7
Rxd7 35. Rxd7 Nc6 36. Rd6 Rxd6 37. exd6 Kf8 38. f4 Ke8 39. Be1 Nd8 40. f5 Nb7
41. g4 Kd7 42. Bg3 f6 43. Kf2 Kc6 44. Ke3 Kd5 45. Kd3 Nd8 46. Nc3+ Kc6 47. Ke4
Nf7 48. Nb5 Kd7 49. h4 Nd8 50. Kd5 Nc6 51. Bf4 Nb4+ 52. Kc4 Nc6 53. g5 Kc8 54.
gxf6 gxf6 55. h5 Kd7 56. Bxh6 Ne5+ 57. Kd5 Ng4 58. Bf4 1-0

[Event "Challenge"]
[Site "http://www.queenalice.com/game.php?id=1834224"]
[Date "2024.3.26"]
[Round "-"]
[White "madeira39"]
[Black "Shizumaru_Hisame"]
[Result "1-0"]
[WhiteElo "1845"]
[BlackElo "1791"]

1. e4 d5 2. e5 d4 3. Bc4 Nc6 4. Nf3 e6 5. a3 Bc5 6. c3 d3 7. O-O Bd7 8. Bxd3 Qe7
9. b4 Bb6 10. a4 a6 11. Ba3 Na7 12. b5 Bc5 13. Bxc5 Qxc5 14. c4 O-O-O 15. Ng5
Rf8 16. Nf3 Ne7 17. Re1 f6 18. exf6 Rxf6 19. Nc3 Rf7 20. Ne4 Qf5 21. Nd6+ cxd6
22. Bxf5 Nxf5 23. Qc2 h5 24. bxa6 bxa6 25. Qe4 Nc6 26. Ng5 Re7 27. Qd3 Nb4 28.
Qc3 a5 29. Ne4 Bc6 30. Ng5 e5 31. f3 h4 32. Nh3 Rg8 33. f4 exf4 34. Rxe7 Nxe7
35. Nxf4 g5 36. Qf6 gxf4 37. Qxe7 Rh8 38. Qf6 Rg8 39. Qe6+ Kb7 40. Qxg8 f3 41.
Qf7+ Kb6 42. gxf3 1-0

[Event "Challenge"]
[Site "http://www.queenalice.com/game.php?id=1834225"]
[Date "2024.3.26"]
[Round "-"]
[White "Shizumaru_Hisame"]
[Black "madeira39"]
[Result "0-1"]
[WhiteElo "1817"]
[BlackElo "1859"]

1. e4 e5 2. Bc4 Nf6 3. d3 Bc5 4. Qf3 d6 5. h3 O-O 6. Bd2 Nc6 7. Bc3 Bb4 8. Na3
Bxa3 9. bxa3 Qe8 10. Ne2 Be6 11. Bb3 b6 12. Bb2 a5 13. a4 Nb4 14. O-O-O Bxb3 15.
axb3 c5 16. Qe3 b5 17. axb5 Qxb5 18. Nc3 Qc6 19. f4 exf4 20. Qxf4 Nh5 21. Qf3
Nf6 22. Ne2 a4 23. bxa4 Qxa4 24. Rd2 Na2+ 25. Kd1 Rab8 26. Bxf6 Rb1+ 27. Nc1
Rxc1+ 28. Ke2 Rxh1 29. Qg3 g6 30. Qh4 h5 31. Qg5 Kh7 32. g4 Rh2+ 33. Ke3 Rxh3+
34. Ke2 Nc1+ 35. Kf2 hxg4 36. Qxg4 Rh5 37. c3 Qe8 38. d4 Rh2+ 39. Ke3 cxd4+ 40.
Bxd4 Rh6 41. Qg5 Nb3 42. Qf6 Rg8 43. Rf2 Rh3+ 44. Ke2 Qxe4+ 45. Kd1 Rh1+ 46. Rf1
Qd3+ 47. Ke1 Qd2# 0-1

[Event "Challenge"]
[Site "http://www.queenalice.com/game.php?id=1834226"]
[Date "2024.3.26"]
[Round "-"]
[White "madeira39"]
[Black "PaulMSains"]
[Result "1-0"]
[WhiteElo "1825"]
[BlackElo "1930"]

1. e4 e5 2. Bc4 Nc6 3. Nf3 h6 4. O-O Nf6 5. b3 Bc5 6. Qe1 O-O 7. a3 a5 8. Nh4
Ng4 9. g3 d6 10. Ng6 Re8 11. Nh4 Be6 12. Bb5 Rf8 13. Bxc6 bxc6 14. c4 Qf6 15.
Kg2 h5 16. d3 Bd4 17. Ra2 g5 18. Nf3 Kh8 19. Bxg5 Qg6 20. Bd2 f5 21. Nh4 Qf7 22.
Be3 Qe7 23. Ng6+ 1-0

[Event "Challenge"]
[Site "http://www.queenalice.com/game.php?id=1834416"]
[Date "2024.4.1"]
[Round "-"]
[White "shmurtz91"]
[Black "madeira39"]
[Result "1-0"]
[WhiteElo "1867"]
[BlackElo "1850"]

1. d4 e6 2. Nf3 Be7 3. c4 Nf6 4. Nc3 c6 5. e4 O-O 6. Bd3 Ng4 7. O-O Na6 8. h3
Nf6 9. e5 Ne8 10. a3 f6 11. d5 exd5 12. cxd5 fxe5 13. Nxe5 Bf6 14. Qh5 g6 15.
Nxg6 Ng7 16. Qh6 Re8 17. Ne4 Nf5 18. Nxf6+ Kf7 19. Bxf5 Qxf6 20. Bg5 Qg7 21. Nf4
Qxh6 22. Bxh6 Kg8 23. dxc6 dxc6 24. Bd3 Nc5 25. Bc4+ Be6 26. Nxe6 Nxe6 27. Rfe1
Kf7 28. Re5 Kf6 29. Rae1 Nc7 30. Bg5+ Kg6 31. Bd3+ Kg7 32. Re7+ Kf8 33. Bh6+ Kg8
34. Bxh7+ Kh8 35. Bf4 Rxe7 36. Rxe7 Ne8 37. Be5+ 1-0

[Event "AUTO-ADV-4757"]
[Site "http://www.queenalice.com/game.php?id=1835943"]
[Date "2024.4.29"]
[Round "2"]
[White "WHUSIRO"]
[Black "madeira39"]
[Result "1-0"]
[WhiteElo "2137"]
[BlackElo "1855"]

1. e4 e5 2. f4 exf4 3. Nf3 g5 4. h4 g4 5. Ne5 h5 6. Bc4 Nh6 7. d4 Qf6 8. Nc3 Nc6
9. Nd5 Bd6 10. Nxf6+ Ke7 11. Nd5+ Kf8 12. Bxf4 Nd8 13. Qd2 Kg7 14. O-O 1-0

[Event "AUTO-ADV-4757"]
[Site "http://www.queenalice.com/game.php?id=1835944"]
[Date "2024.4.29"]
[Round "2"]
[White "madeira39"]
[Black "WHUSIRO"]
[Result "0-1"]
[WhiteElo "1835"]
[BlackElo "2146"]

1. e4 c5 2. Bc4 d6 3. Nf3 Nf6 4. Ng5 e6 5. Nc3 a6 6. a3 Be7 7. d3 O-O 8. O-O Nc6
9. Nf3 b5 10. Ba2 Bb7 11. Bg5 h6 12. Bh4 Qa5 13. Re1 g5 14. Bg3 Kg7 15. e5 dxe5
16. Nxe5 Nd4 17. Bb1 Nf5 18. h3 Nxg3 19. fxg3 c4 20. dxc4 b4 21. Na2 bxa3 22. b3
Bc5+ 23. Kf1 Rfd8 24. Qe2 Rd2 25. b4 Nh5 26. Qxh5 Bxg2# 0-1